[Event "AUTO-ADV-313"]
[Site "http://www.queenalice.com/game.php?id=190879"]
[Date "2007.4.2"]
[Round "2"]
[White "JAVA"]
[Black "QuickQuickSlow"]
[Result "0-1"]
[WhiteElo "1739"]
[BlackElo "2035"]

1. e4 c5 2. Bc4 e6 3. Nc3 a6 4. Nf3 b5 5. Be2 Bb7 6. e5 d5 7. exd6 Bxd6 8. d3
Nf6 9. Bg5 Nbd7 10. d4 Qc7 11. dxc5 Bxc5 12. O-O O-O 13. Nd2 Rac8 14. Bd3 h6 15.
Bxf6 Nxf6 16. Nce4 Nxe4 17. Nxe4 Be7 18. Ng3 Rfd8 19. Qg4 Qc5 20. Nh5 Qg5 21.
Qxg5 Bxg5 22. f4 Be7 23. f5 exf5 24. Rae1 Bc5+ 25. Kh1 g6 26. Nf4 Re8 27. Rxe8+
Rxe8 28. c3 Re3 29. Bb1 Bd6 30. Kg1 Bxf4 0-1

[Event "Mexico x Georgia"]
[Site "http://www.queenalice.com/game.php?id=196959"]
[Date "2007.4.14"]
[Round "-"]
[White "JAVA"]
[Black "DINTERINBEBIM"]
[Result "0-1"]
[WhiteElo "1735"]
[BlackElo "1500"]

1. e4 e5 2. Bc4 Nf6 3. d3 Nc6 4. Qf3 Nd4 5. Qd1 b5 6. Bb3 a5 7. Bg5 h6 8. Bxf6
Qxf6 9. Nc3 Qg6 10. g3 a4 11. Nd5 axb3 12. Nxc7+ Kd8 13. Nxa8 bxc2 14. Qd2 Qa6
15. Ne2 Nf3+ 0-1

[Event "SPFC"]
[Site "http://www.queenalice.com/game.php?id=198764"]
[Date "2007.4.18"]
[Round "2"]
[White "SVFinito"]
[Black "JAVA"]
[Result "1-0"]
[WhiteElo "2187"]
[BlackElo "1738"]

1. d4 d5 2. c4 dxc4 3. Nf3 Nc6 4. e3 Bg4 5. Bxc4 e6 6. Nc3 Bb4 7. Bd2 Bxc3 8.
Bxc3 Nf6 9. h3 Bxf3 10. Qxf3 O-O 11. O-O a6 12. b3 Ne7 13. Qxb7 Ne4 14. Qxe4 Nf5
15. d5 Nd6 16. Qg4 g6 17. dxe6 fxe6 18. Qxe6+ Nf7 19. Qe5 1-0

[Event "AUTO-INT-213"]
[Site "http://www.queenalice.com/game.php?id=201344"]
[Date "2007.4.23"]
[Round "2"]
[White "socioa22"]
[Black "JAVA"]
[Result "1-0"]
[WhiteElo "1787"]
[BlackElo "1742"]

1. e4 e5 2. Nf3 Nc6 3. Bc4 Bc5 4. Nc3 d6 5. d3 h6 6. Be3 Bxe3 7. fxe3 Bg4 8. O-O
Qe7 9. Qd2 Bxf3 10. Rxf3 O-O-O 11. Raf1 f6 12. Nd5 Qf8 13. Bb5 Nce7 14. Qa5 Nxd5
15. exd5 a6 16. Ba4 Ne7 17. e4 h5 18. d4 Ng6 19. Rb3 Nf4 20. Bc6 Ne2+ 21. Kh1
Nxd4 22. Rxb7 Qe7 23. Qxa6 Nxc6 24. dxc6 1-0

[Event "AUTO-INT-213"]
[Site "http://www.queenalice.com/game.php?id=201345"]
[Date "2007.4.23"]
[Round "2"]
[White "JAVA"]
[Black "socioa22"]
[Result "0-1"]
[WhiteElo "1728"]
[BlackElo "1800"]

1. e4 e5 2. Nf3 Nf6 3. Bc4 Nc6 4. d3 Bc5 5. Ng5 d5 6. Qf3 dxc4 7. Nd2 Nd4 8. Qd1
h6 9. Ngf3 O-O 10. Nxc4 Bg4 11. Ncxe5 Re8 12. Nxg4 Nxg4 13. Nxd4 Qxd4 14. Be3
Nxe3 15. fxe3 Qxe3+ 16. Qe2 Qf4 17. g3 Qf6 18. O-O-O Re6 19. Rdf1 Qe5 20. Rf5
Qd6 21. Rhf1 Rf6 22. Rxf6 gxf6 23. Rf5 Re8 24. Qg4+ Kf8 25. Qh4 Re5 26. Rxf6 Re6
27. Rf1 Be3+ 28. Kb1 Bg5 29. Qh5 Rf6 30. Re1 Qb6 31. b3 Qf2 32. Rd1 Rc6 33. c4
b5 34. Qg4 bxc4 35. Qc8+ Kg7 36. h4 Be7 37. Qg4+ Rg6 0-1

[Event "AUTO-INT-213"]
[Site "http://www.queenalice.com/game.php?id=201348"]
[Date "2007.4.23"]
[Round "2"]
[White "JAVA"]
[Black "JulioCG"]
[Result "0-1"]
[WhiteElo "1749"]
[BlackElo "1950"]

1. e4 c5 2. Bc4 e6 3. Nf3 Nc6 4. d3 d6 5. Be3 Be7 6. Bb5 Bd7 7. Bxc6 Bxc6 8. O-O
Nf6 9. h3 e5 10. c4 O-O 11. Nbd2 Nd7 12. a3 f5 13. b4 b6 14. b5 Bb7 15. a4 f4
16. Bxf4 Rxf4 17. Nh2 Nf8 18. g3 Rf7 19. Ndf3 Bc8 20. Kg2 Be6 21. Qd2 Qd7 22. g4
Ng6 23. Ng5 Rf4 24. Nhf3 Bxg4 25. Rg1 Bxf3+ 26. Nxf3 Rf7 27. Nh2 Nf4+ 28. Kh1
Nxh3 29. Rg2 Raf8 30. Rf1 Bh4 31. f3 Nf4 32. Rgg1 h6 33. Ng4 Bg5 34. Qh2 Nxd3
35. Nxh6+ Bxh6 36. Qxh6 Rxf3 37. Rxf3 Rxf3 38. Kh2 Nf4 0-1

[Event "AUTO-INT-213"]
[Site "http://www.queenalice.com/game.php?id=201349"]
[Date "2007.4.23"]
[Round "2"]
[White "JulioCG"]
[Black "JAVA"]
[Result "1-0"]
[WhiteElo "1941"]
[BlackElo "1758"]

1. e4 e5 2. Nf3 Qf6 3. Nc3 Ne7 4. d3 h6 5. Be3 d6 6. Qd2 Nbc6 7. Be2 Bg4 8. h3
Bxf3 9. Bxf3 b6 10. h4 g6 11. Bg4 h5 12. Bh3 Qg7 13. a3 f5 14. exf5 gxf5 15. Bg5
Nd4 16. Ne2 O-O-O 17. Nxd4 exd4 18. O-O-O Kb8 19. Rhe1 Qf7 20. f4 Bg7 21. Rxe7
Qa2 22. Qb4 Rdg8 23. Qb3 Qxb3 24. cxb3 Bh6 25. Bxf5 Bxg5 26. hxg5 Rf8 27. Be4
Rxf4 28. g6 Rg4 29. Rf7 h4 30. g7 Rd8 31. Rf8 1-0

[Event "QA-ANNIV-02"]
[Site "http://www.queenalice.com/game.php?id=210951"]
[Date "2007.5.14"]
[Round "7"]
[White "Victoria_Soto"]
[Black "JAVA"]
[Result "0-1"]
[WhiteElo "1778"]
[BlackElo "1713"]

1. e4 e5 2. Nf3 d6 3. Bc4 Bg4 4. h3 Bxf3 5. Qxf3 Nf6 6. Nc3 Nc6 7. a3 Be7 8. d3
Nd4 9. Qd1 a6 10. Be3 O-O 11. Bxd4 exd4 12. Ne2 b5 13. Ba2 c5 14. c3 d5 15. exd5
Nxd5 16. Bxd5 Qxd5 17. O-O Bd6 18. Qd2 Rae8 19. Rfe1 Qe5 20. f4 Qf6 21. g3 Re7
22. Nc1 dxc3 23. bxc3 Rfe8 24. Rxe7 Rxe7 25. Ne2 c4 26. d4 g6 27. Re1 Bxa3 28.
g4 Bd6 29. g5 Qe6 30. Kg2 Qe4+ 31. Kg3 Bxf4+ 32. Qxf4 Qd3+ 33. Kg4 Rxe2 34. Rxe2
Qxe2+ 35. Kh4 Qe1+ 36. Kg4 Qxc3 37. Qb8+ Kg7 38. Qe5+ Kf8 39. Qb8+ Ke7 40. Qb7+
Kd8 41. Qb6+ Kd7 42. d5 f5+ 43. Kf4 Qd2+ 44. Kg3 Qxg5+ 45. Kh2 Qd2+ 46. Kg1 Qxd5
47. Qa7+ Kd6 48. Qxa6+ Kc5 49. Qa7+ Kb4 50. Qe7+ Qc5+ 51. Qxc5+ Kxc5 52. Kf2 c3
53. Ke3 Kc4 54. Ke2 b4 55. Kd1 b3 56. Kc1 Kd3 57. Kd1 b2 58. Ke1 b1=Q+ 59. Kf2
Qb4 60. Kf3 c2 61. Kg3 c1=Q 62. Kf2 Qe3+ 63. Kg2 Qbd2+ 64. Kf1 Qee1# 0-1

[Event "SPFC"]
[Site "http://www.queenalice.com/game.php?id=226857"]
[Date "2007.6.18"]
[Round "3"]
[White "JAVA"]
[Black "R_Mutt"]
[Result "0-1"]
[WhiteElo "1715"]
[BlackElo "2191"]

1. d4 d5 2. a3 c5 3. Bf4 Nc6 4. dxc5 e5 5. Bg3 Bxc5 6. e3 Nf6 7. Bb5 O-O 8. Bxc6
bxc6 9. Bxe5 Re8 10. Bxf6 Qxf6 11. c3 Bxe3 12. fxe3 Rxe3+ 13. Ne2 Bg4 0-1

[Event "QA-ANNIV-02"]
[Site "http://www.queenalice.com/game.php?id=241934"]
[Date "2007.7.18"]
[Round "8"]
[White "gvbarbosa"]
[Black "JAVA"]
[Result "1-0"]
[WhiteElo "2042"]
[BlackElo "1732"]

1. e4 e5 2. Nf3 d6 3. Bc4 Bg4 4. Nc3 Nf6 5. d3 h6 6. Be3 a6 7. h3 Bxf3 8. Qxf3
Be7 9. O-O a5 10. Nd5 Nbd7 11. c3 c6 12. Nxe7 Qxe7 13. d4 O-O 14. Qg3 Kh7 15.
Bd3 Nh5 16. Qf3 g6 17. g4 Ng7 18. a3 d5 19. exd5 cxd5 20. Qxd5 Nf6 21. Qxe5 Ne6
22. d5 Nd7 23. Qh5 Ng5 24. Bxg5 Qxg5 25. Qxg5 hxg5 26. Rae1 Nc5 27. Bc2 Rad8 28.
c4 f5 29. Re5 Rde8 30. Rfe1 Rxe5 31. Rxe5 Nd7 32. Re7+ 1-0

[Event "Challenge"]
[Site "http://www.queenalice.com/game.php?id=268042"]
[Date "2007.9.7"]
[Round "-"]
[White "Dominicini"]
[Black "JAVA"]
[Result "1-0"]
[WhiteElo "1688"]
[BlackElo "1706"]

1. e4 e5 2. Nf3 f6 3. Bc4 Ne7 4. Nh4 a6 5. Nc3 Nec6 6. Qh5+ g6 7. Nxg6 hxg6 8.
Qxh8 Nd4 9. Qh7 Nxc2+ 10. Kd1 Qe7 11. Qxe7+ Bxe7 12. Kxc2 b5 13. Bd5 c6 14. Bg8
Bc5 15. Bh7 g5 16. g3 Bxf2 17. Rf1 Bc5 18. Rxf6 d6 19. d3 b4 20. Bg6+ Ke7 21.
Bxg5 1-0

[Event "QA-ANNIV-02"]
[Site "http://www.queenalice.com/game.php?id=271733"]
[Date "2007.9.14"]
[Round "9"]
[White "JAVA"]
[Black "franchouillard"]
[Result "0-1"]
[WhiteElo "1689"]
[BlackElo "1962"]

1. d4 Nf6 2. Bg5 Ne4 3. Bf4 d5 4. e3 g5 5. Bg3 Nxg3 6. hxg3 Bf5 7. Bd3 Qd7 8.
Nc3 Bg7 9. Nf3 h6 10. Qe2 Nc6 11. Bb5 O-O-O 12. Bxc6 Qxc6 13. O-O-O Kb8 14. Ne5
Bxe5 15. dxe5 Qe6 16. f4 Bg4 17. Qe1 Bxd1 18. Qxd1 f6 19. Qd4 fxe5 20. fxe5 c6
21. Rf1 Rhf8 22. Rxf8 Rxf8 23. b3 Rf5 24. Kb2 Qxe5 25. Qc5 Qd6 26. Qa5 e6 27. e4
Re5 0-1

[Event "SPFC"]
[Site "http://www.queenalice.com/game.php?id=276498"]
[Date "2007.9.24"]
[Round "4"]
[White "Jorac"]
[Black "JAVA"]
[Result "1-0"]
[WhiteElo "1930"]
[BlackElo "1713"]

1. e4 e5 2. Nf3 Qf6 3. Bc4 Bc5 4. O-O d6 5. Nc3 a6 6. Nd5 Qd8 7. d4 Bg4 8. dxc5
dxc5 9. h3 Bxf3 10. Qxf3 Nf6 11. Bg5 Nbd7 12. Rad1 Qc8 13. Nxf6+ gxf6 14. Bxf6
Nxf6 15. Qxf6 Rf8 16. Rd5 1-0

[Event "BOARD 1,DIV.A"]
[Site "http://www.queenalice.com/game.php?id=301159"]
[Date "2007.11.9"]
[Round "1"]
[White "JAVA"]
[Black "Brandon"]
[Result "0-1"]
[WhiteElo "1684"]
[BlackElo "2322"]

1. e4 c5 2. Bc4 Nc6 3. d3 e6 4. Bf4 d5 5. exd5 exd5 6. Bb5 Qa5+ 7. Nc3 d4 8.
Qe2+ Ne7 9. Bxc6+ bxc6 10. Qd2 dxc3 11. Qxc3 Qxc3+ 12. bxc3 Nd5 13. Bg3 Nxc3 0-1

[Event "Challenge"]
[Site "http://www.queenalice.com/game.php?id=302108"]
[Date "2007.11.11"]
[Round "-"]
[White "JAVA"]
[Black "lezeu63"]
[Result "0-1"]
[WhiteElo "1665"]
[BlackElo "1653"]

1. e4 e5 2. Nf3 Nc6 3. Nc3 Nf6 4. Bc4 d6 5. d3 g6 6. Bg5 Be7 7. Bxf6 Bxf6 8. Bb5
O-O 9. Bxc6 bxc6 10. O-O d5 11. exd5 cxd5 12. Qd2 Kg7 13. Rae1 Ba6 14. Nxe5 d4
15. Na4 Qd5 16. Nc4 Bxc4 17. dxc4 Qxc4 18. b3 Qd5 19. c3 Bg5 20. Qxd4+ Qxd4 21.
cxd4 Rfd8 22. Re4 f5 23. Re5 Rxd4 24. Nc5 Kh6 25. Ne6 Rd2 26. Nxc7 Rc8 27. Rc1
Rxc7 28. Ree1 Rxc1 29. Rxc1 Rxa2 30. Rb1 a5 31. g3 Bf6 32. b4 a4 33. b5 a3 34.
b6 Rb2 0-1

[Event "QA-ANNIV-02"]
[Site "http://www.queenalice.com/game.php?id=311837"]
[Date "2007.11.28"]
[Round "10"]
[White "luizmortagua"]
[Black "JAVA"]
[Result "1-0"]
[WhiteElo "1970"]
[BlackElo "1649"]

1. c4 e5 2. g3 Bc5 3. Bg2 Nf6 4. e3 d6 5. Ne2 Bf5 6. d4 Be4 7. O-O Bxg2 8. Kxg2
O-O 9. dxc5 dxc5 10. Qxd8 Rxd8 11. Nbc3 c6 12. b3 a6 13. Bb2 Nbd7 14. Rfd1 g6
15. Rd6 Ne8 16. Rd2 b5 17. cxb5 cxb5 18. Rad1 Ra7 19. Nd5 b4 20. Ne7+ Kf8 21.
Nc6 1-0